| 000 | 00517nam a22001577a 4500 | ||
|---|---|---|---|
| 999 |
_c7865 _d7865 |
||
| 005 | 20240219155158.0 | ||
| 008 | 240219b ||||| |||| 00| 0 eng d | ||
| 020 | _a9788411730440 | ||
| 040 | _aCDMR | ||
| 100 |
_94935 _aRoig, Pep Antoni |
||
| 245 |
_aL'Aire de les coses _b: l'Espinàs que va néixer el dia que va morir _c/ Pep Antoni Roig |
||
| 260 |
_aBarcelona _b: Ara Llibres : Generalitat de Catalunya _c, 2024 |
||
| 300 | _a206 pàgines | ||
| 600 | 1 | 0 |
_92 _aEspinàs, Josep Maria _d(1927-2023) |
| 942 |
_2udc _cMON |
||